00486 a2200157 450000100060000008200170000609000170002310000260004024500670006625000060013326000300013930000150016994200270018499900190021195200980023066202 a623.4519 MEN c38491d38491 aMendenhall Michael R. aTactical missile aerodynamics: prediction methodologynVol-142 a2 aWashington DCbAIAAc1992 axxi, 766p. aNUST-CAEk623.4519 MEN c301275d301275 001040708NFICaCAEbCAEd2017-04-03l0o623.4519 MENpCAEN-802r2017-04-05w2017-04-05yBK